000 01268nam0a22002531 4500
001 rc\882787
005 20041129093752.4
035 _a(NLR Aleph) 006060311
090 _a4901993
_c4901993
100 _a20041129d1984 u |0rusy50 ca
101 0 _arus
102 _aRU
105 _ay |||||||||
200 1 _aВоспроизводство мясного стада
_e(Из опыта работы животоноводов совхоза им. газ. "Правда" Урал. обл.)
_fМ-во сел. хоз-ва КазССР, Упр. пропаганды и НТИ
_g[А.С. Чеботарев]
210 _aАлма-Ата
_cКайнар
_d1984
215 _a12 с.
_d20
225 1 _aВ помощь слушателям народных университетов сельскохозяйственных и экономических знаний, школ коммунистического труда
702 1 _aЧеботарев
_bА. С.
_gАнатолий Степанович
_4220
712 0 1 _aКазССР
_bМ-во сельского хозяйства
_bУпр. пропаганды и науч.-техн. информации
801 0 _aRU
_bNLR
_gpsbo
801 1 _aRU
_bELAR
_2rusmarc
852 _aNLR
_j84-4/20698
942 _cBOOK
980 _aNB